000 00672nam a22002651 4500
001 1084183
003 DO-SdBNP
005 20180205150611.0
007 1084183
008 920725s1969 sp spa
016 7 _a
_z
_2BPMSU
017 _a
_b
035 _a
040 _aBPMSU
_bspa
_cBPMSU
080 0 _a
100 _4Lassie
245 1 0 _a Las travesuras de Lassie /
_h
_b
_cLassie
260 _aBarcelona :
_bBruguera
_c1969
300 _a 239 p.:
_b
_c20 cm.
490 0 _aColección "Héroes"
_v59
830 _pColección "Héroes"
942 _2ddc
_cBK
945 _aInventariado, 2018/ YL
956 _a VMATEO
_210
_320160330
_6BPMSU
_80069
999 _c9429
_d9429